| 000 | 00492cam a22001577a 4500 | ||
|---|---|---|---|
| 008 | 180718b2000 xxu||||| |||| 00| 0 eng d | ||
| 082 | _aQ8 H771 | ||
| 245 |
_aCrime, risk and insecurity: law and order in everday life and political descourse _cedited by Tim Hope and Richard Sparks |
||
| 260 |
_aLondon _bRoutledge _c2000 |
||
| 300 | _a275p. | ||
| 650 | _aVictims of crimes | ||
| 650 | _aSecurity (Psychology) | ||
| 650 | _aFear of crime | ||
| 700 | _aSparks, Richard | ||
| 700 | _aHope, Tim | ||
| 999 |
_c396205 _d396205 |
||